Kỹ thuật vẽ phác thảo và thiết kế kiến trúc 37 bài thực hành căn bản

Gồm các bài thực hành và vẽ phát thảo về thiết kế kiến trúc và thực hành vẽ kiến trúc, kỹ thuật bằng phần mềm Autocad

Đã lưu trong:
书目详细资料
主要作者: Hồng Đức
格式: 图书
语言:Undetermined
出版: H. Thanh niên 2014
主题:
在线阅读:http://lrc.tdmu.edu.vn/opac/search/detail.asp?aID=2&ID=20764
标签: 添加标签
没有标签, 成为第一个标记此记录!
Thư viện lưu trữ: Trung tâm Học liệu Trường Đại học Thủ Dầu Một
LEADER 00944nam a2200217Ia 4500
001 TDMU_20764
008 210410s9999 xx 000 0 und d
082 |a 720.28076 
090 |b K600 
100 |a Hồng Đức 
245 0 |a Kỹ thuật vẽ phác thảo và thiết kế kiến trúc 
245 0 |b 37 bài thực hành căn bản 
245 0 |c Hồng Đức 
260 |a H. 
260 |b Thanh niên 
260 |c 2014 
300 |a 414tr. 
520 |a Gồm các bài thực hành và vẽ phát thảo về thiết kế kiến trúc và thực hành vẽ kiến trúc, kỹ thuật bằng phần mềm Autocad 
650 |a Vẽ kiến trúc  |v Thực hành; Vẽ kỹ thuật  |x Ứng dụng phần mềm (Autocad) 
856 |u http://lrc.tdmu.edu.vn/opac/search/detail.asp?aID=2&ID=20764 
980 |a Trung tâm Học liệu Trường Đại học Thủ Dầu Một